Geography Quiz

Random Geography or World Quiz

2nd Largest: Geography Quiz Stats

 Plays Quiz Updated Feb 12, 2015

Challenge
Share
Tweet
Embed
Score 0/16 Timer 06:00
7 Plays Today
Hint 2nd Largest % Correct
Country of North AmericaUnited States of America
98.4%
ContinentAfrica
97.4%
Country of South AmericaArgentina
96.6%
CountryCanada
95.9%
OceanAtlantic
87.8%
Country of AsiaChina
87%
State in the USATexas
81.6%
Great LakeMichigan
75.6%
Hint 2nd Largest % Correct
MountainK2
68.5%
UK Constituent CountriesScotland
63.8%
Country of AfricaDemocratic Republic of the Congo
60.8%
Country of OceaniaPapua New Guinea
59.8%
Country of EuropeDenmark (inc. Greenland)
56.3%
4-Letter CountryPeru
43.6%
IslandNew Guinea
19.1%
Mountain Range (Highest)Karakoram
8.3%

You're not logged in!

Compare scores with friends on all Sporcle quizzes.
OR
Log In

You Might Also Like...

Show Comments

Extras

Top Quizzes Today


Score Distribution

Your Account Isn't Verified!

In order to create a playlist on Sporcle, you need to verify the email address you used during registration. Go to your Sporcle Settings to finish the process.

Report this User

Report this user for behavior that violates our Community Guidelines.

Details: